Toți fotbaliștii moldoveni din FC25 - Statistics

General Stats
  • This quiz has been taken 3 times
  • The average score is 5 of 11
Answer Stats
Club Poziție Fotbalist OVR Potențial Ani % Correct
sc Heerenveen ST Ion Nicolăescu 68 70 25
100%
CFR Cluj ST / RW Virgiliu Postolachi 64 69 24
67%
Puszcza Niepołomice CB Artur Crăciun 64 66 26
33%
Unirea Slobozia GK Denis Rusu 64 64 33
33%
Gloria Buzău GK Dorian Răilean 62 62 30
33%
Puszcza Niepołomice RB / RM Ioan-Călin Revenco 62 67 24
33%
Oțelul Galați RW Maxim Cojocaru 60 60 26
33%
Unirea Slobozia LW / ST Petru Neagu 61 64 24
33%
Torino CM / CDM Sergiu Perciun 56 71 18
33%
FC Botoșani LM / LW Ștefan Bodișteanu 65 73 21
33%
Argeș Pitești CM / CDM Vadim Rață 65 65 31
33%
No matching quizzes found
Score Distribution
Percent of People with Each Score
Percentile by Number Answered
Your Score History
You have not taken this quiz